000 00498nam a22002177a 4500
001 63247
003 UA-OsUOA
005 20211024174837.0
007 ta
008 20090921b un ||||| |||| 00| 0 ukr d
040 _aUA-OsUOA
_bukr
_cUA-OsUOA
_dUA-OsUOA
041 _aukr
080 _a94(470+571)
090 _a94(470+571)
_bН12
245 _aНа левом фланге
260 _aМ.
_c1976
300 _a302 с.
650 7 _a94 Історія
_2UDC
942 _cBK
_2udc
955 _a2
999 _c349333
_d349333